[Event "62nd ch-GRE 2012"]
[Site "Athens GRE"]
[Date "2012.12.02"]
[Round "9"]
[White "Kapnisis,S"]
[Black "Nikolaou,G"]
[Result "1/2-1/2"]
[WhiteElo "2457"]
[BlackElo "2232"]

1.e4 c5 2.Nf3 Nc6 3.d4 cxd4 4.Nxd4 e6 5.Nc3 Qc7 6.f4 a6 7.Nxc6 Qxc6 8.Bd3 b5
9.Qe2 Bb7 10.a4 b4 11.Nd5 Nf6 12.Nxf6+ gxf6 13.Be3 Rg8 14.Rg1 Bc5 15.Bxc5 Qxc5
16.O-O-O b3 17.Kb1 bxc2+ 18.Qxc2 Qe3 19.Qc1 Qxc1+ 20.Rxc1 Bc6 21.b3 Ke7 22.Ka2 Rgc8
23.Rc5 Bb7 24.Rgc1 Rxc5 25.Rxc5 f5 26.exf5 Bxg2 27.fxe6 fxe6 28.Bxh7 Bd5
29.Ka3 Rh8 30.Bd3 Rh3 31.Bc4 Bxc4 32.Rxc4 Rxh2 33.Kb4 Rh5 34.a5 Rb5+ 35.Ka4 Kd8
36.b4 Rf5 37.Kb3 e5 38.b5 axb5 39.Rc5 Rxf4 40.Rxe5 Kc7 41.Rxb5  1/2-1/2

[Event "Frau Bundesliga Div1 2012-13"]
[Site "Germany GER"]
[Date "2012.12.02"]
[Round "4.2"]
[White "Voicu,C"]
[Black "Schleining,Z"]
[Result "1-0"]
[WhiteElo "2292"]
[BlackElo "2340"]

1.e4 c5 2.Nf3 e6 3.d4 cxd4 4.Nxd4 Nc6 5.Nc3 Qc7 6.Be3 a6 7.Bd3 Nf6 8.O-O Ne5
9.Nf3 Neg4 10.Bd2 Bc5 11.Qe2 d6 12.h3 Ne5 13.Nxe5 dxe5 14.Na4 Ba7 15.Kh1 b5
16.Nc3 Bb7 17.a4 b4 18.Na2 a5 19.c3 b3 20.Nc1 O-O 21.Nxb3 Rfd8 22.Bg5 Rxd3
23.Bxf6 Rxh3+ 24.gxh3 gxf6 25.Kh2 Kf8 26.Nd2 f5 27.Rad1 Rd8 28.Qh5 fxe4 29.Qxh7 Qc6
30.Qh8+ Ke7 31.Qh4+ Ke8 32.Nxe4 Rd5 33.Nf6+ Kf8 34.Nxd5 exd5 35.Qd8+ Qe8
36.Rxd5 Bxd5 37.Qxd5 Qxa4 38.Qd6+ Ke8 39.Qxe5+ Kd8 40.Re1 Qd7 41.Re4  1-0

[Event "4th London Classic Open"]
[Site "London ENG"]
[Date "2012.12.02"]
[Round "2"]
[White "Varnam,L"]
[Black "Rodriguez,Vidal"]
[Result "0-1"]
[WhiteElo "2140"]
[BlackElo "2148"]

1.e4 c5 2.Nf3 e6 3.d4 cxd4 4.Nxd4 Nc6 5.Nc3 Qc7 6.Be3 Nf6 7.Be2 Be7 8.O-O O-O
9.f4 d6 10.Kh1 Nxd4 11.Qxd4 b6 12.Bf3 e5 13.Qd3 Bb7 14.g4 exf4 15.Bxf4 Rad8
16.g5 Nd7 17.Nb5 Qb8 18.Bxd6 Bxd6 19.Qxd6 Qa8 20.Qf4 Nc5 21.Nd6 Ne6 22.Qg3 Rxd6
23.Qxd6 Nxg5 24.Bg2 f5 25.Qd2 Nxe4 26.Qe3 h6 27.Kg1 Rf6 28.Rf4 Rg6 29.Kf1 Nd2+
30.Qxd2 Rxg2 31.Qd3 Rxh2 32.Ke1 Be4 33.Qc4+ Kh7 34.Rf2 Qe8 35.Qe2 Rh1+ 36.Rf1 Rxf1+
37.Kxf1 Qe5 38.c3 Qg3 39.Qf2 Qd3+ 40.Ke1 Bf3 41.a4 a6 42.Qd2 Qe4+ 43.Kf2 Bg4
44.a5 b5 45.Rg1 Qf3+ 46.Ke1 h5 47.Rf1 Qe4+ 48.Kf2 h4 49.Kg1 h3 50.Rf4 Qe5
51.Qf2 Kg6 52.Qg3 Qe2 53.Rf2 Qd1+ 54.Kh2 Kh5 55.Qb8 Qe1 56.Qg3 g5 57.Rf3 Qxg3+
58.Rxg3 f4 59.Rd3 Bf5 60.Rd5 Be4 61.Rd6 Bg2 62.Rxa6 g4 63.Rb6 g3+ 64.Kg1 Bd5
65.Rxb5 h2+  0-1

[Event "4th London Classic Open"]
[Site "London ENG"]
[Date "2012.12.02"]
[Round "2"]
[White "Boy Lazoni,Victor Hugo"]
[Black "Andreev,Pete"]
[Result "0-1"]
[WhiteElo "1806"]
[BlackElo "2017"]

1.e4 c5 2.Nf3 Nc6 3.d4 cxd4 4.Nxd4 e6 5.Nc3 Qc7 6.Be2 Nf6 7.O-O a6 8.Be3 Bb4
9.Na4 O-O 10.c4 Nxe4 11.Nxc6 bxc6 12.c5 Qe5 13.Re1 Rb8 14.g3 Qf6 15.h4 Rd8
16.f3 Nxg3 17.Bg5 Nxe2+ 18.Qxe2 Qg6 19.Kh1 f6 20.Be3 d5 21.cxd6 Bxd6 22.Rg1 Qh5
23.Qc4 Rb4 24.Rg4 Rxc4 25.Rxc4 Bg3 26.Rg4 Bxh4 27.Kh2 e5 28.b4 Bxg4  0-1

[Event "TCh-HUN 2012-13"]
[Site "Nagykanizsa HUN"]
[Date "2012.12.02"]
[Round "5"]
[White "Leviczky,T"]
[Black "Gara,T"]
[Result "0-1"]
[WhiteElo "2327"]
[BlackElo "2385"]

1.e4 c5 2.Nf3 e6 3.d4 cxd4 4.Nxd4 Nc6 5.Nc3 d6 6.Be3 Nf6 7.Bc4 a6 8.a3 Qc7
9.Ba2 Ne5 10.Qe2 b5 11.O-O Bd7 12.Bg5 Rc8 13.Kh1 Be7 14.f4 Nc4 15.Bxc4 Qxc4
16.Qd3 h6 17.Bxf6 Qxd3 18.cxd3 Bxf6 19.Nde2 Bd8 20.d4 O-O 21.Rfd1 a5 22.Rd2 Bb6
23.Nd1 Rc7 24.h3 Rfc8 25.Ne3 Bc6 26.e5 dxe5 27.fxe5 Bb7 28.b4 axb4 29.axb4 Rd7
30.Rad1 Ra8 31.Nc2 Be4 32.Ne1 Ra3 33.Kh2 Rb3 34.Nd3 Bxd3 35.Rxd3 Rxb4 36.d5 exd5
37.Rxd5 Re7 38.Kh1 Bc7 39.Nd4 Rxe5 40.Rd7 Rc4 41.Rf1 f6 42.g4 Re3 43.Rxg7+ Kh8
44.Nf5 Rxh3+ 45.Kg1 Rc2 46.Rxc7 Rxc7 47.Kg2 Rd3 48.Re1 Rc2+ 49.Kg1 Kg8  0-1

[Event "TCh-HUN 2012-13"]
[Site "Paks HUN"]
[Date "2012.12.02"]
[Round "5"]
[White "Farkas,Ti"]
[Black "Balazs,G2"]
[Result "1/2-1/2"]
[WhiteElo "2261"]
[BlackElo "2422"]

1.e4 c5 2.Nf3 e6 3.Nc3 Nc6 4.d4 cxd4 5.Nxd4 Qc7 6.Be3 a6 7.Qd2 Nf6 8.f3 Nxd4
9.Bxd4 e5 10.Be3 Bb4 11.O-O-O d6 12.a3 Bxc3 13.Qxc3 Qxc3 14.bxc3 Ke7 15.Bc4 Be6
16.Bb3 Rhc8 17.Kb2 Rc6 18.Rd3 Rac8 19.Rhd1 Bc4 20.Bxc4 Rxc4 21.Bg5 R8c6 22.Bxf6+ gxf6
23.g4 Rb6+ 24.Ka2 Rbc6 25.Kb2 Rb6+ 26.Ka2  1/2-1/2

[Event "4th London Classic Open"]
[Site "London ENG"]
[Date "2012.12.03"]
[Round "3"]
[White "Casaschi,Paolo"]
[Black "Baasansuren,Erdene"]
[Result "1-0"]
[WhiteElo "2005"]
[BlackElo "1795"]

1.e4 c5 2.Nf3 e6 3.d4 cxd4 4.Nxd4 Nc6 5.Nc3 Qc7 6.Nb3 a6 7.Bd3 Nf6 8.O-O Be7
9.Be3 O-O 10.f4 d6 11.a4 Na5 12.Nd2 Rd8 13.Qe2 d5 14.exd5 Nxd5 15.Nxd5 exd5
16.Qf2 d4 17.Bxd4 Rxd4 18.Rae1 Bc5 19.Re8+ Bf8 20.Qxd4 Qc6 21.Qe4 Qb6+ 22.Kh1 Nc6
23.Qxh7+  1-0

[Event "4th London Classic Open"]
[Site "London ENG"]
[Date "2012.12.03"]
[Round "3"]
[White "Pauw,M"]
[Black "Guerrero,An"]
[Result "0-1"]
[WhiteElo "2011"]
[BlackElo "2206"]

1.e4 c5 2.Nf3 e6 3.d4 cxd4 4.Nxd4 Nc6 5.Nc3 Qc7 6.Be2 Nf6 7.Be3 d6 8.O-O Be7
9.f4 O-O 10.Kh1 Nxd4 11.Bxd4 e5 12.Be3 exf4 13.Bxf4 Be6 14.Qd3 Rfd8 15.Rad1 Rac8
16.Qg3 Kh8 17.e5 dxe5 18.Bxe5 Qc6 19.Bf3 Qa6 20.Be4 Rxd1 21.Rxd1 Rd8 22.Rxd8+ Bxd8
23.Bd3 Qa5 24.Bxf6 Bxf6 25.Qb8+ Qd8 26.Qxb7 g6 27.Qxa7 Bd4 28.Qb7 Qg5 29.Ne2 Bd5
30.Qb8+ Kg7 31.Qg3 Qd2 32.h4 Bxb2 33.a4 Qd1+ 34.Kh2 Qa1 35.Qg4 Be5+ 36.Ng3 Qe1
37.h5 Qf2 38.Qh3 gxh5 39.a5 h4 40.Qg4+ Kf8 41.Qc8+ Ke7  0-1

[Event "Russia Cup Final 2012"]
[Site "Khanty-Mansiisk RUS"]
[Date "2012.12.04"]
[Round "1.1"]
[White "Inarkiev,E"]
[Black "Maletin,P"]
[Result "1/2-1/2"]
[WhiteElo "2693"]
[BlackElo "2567"]

1.e4 c5 2.Nf3 e6 3.d4 cxd4 4.Nxd4 Nc6 5.Nc3 Qc7 6.Be3 a6 7.Qd2 Nf6 8.O-O-O Bb4
9.f3 Ne7 10.Nde2 b5 11.Bf4 e5 12.Bg5 Qc6 13.Kb1 h6 14.Bh4 Ba5 15.Qd3 Ng6
16.Bxf6 Qxf6 17.Nd5 Qc6 18.Ng3 d6 19.Nh5 O-O 20.f4 Bg4 21.Nhf6+ gxf6 22.Nxf6+ Kh8
23.Nxg4 Nxf4 24.Qe3 Rac8 25.Bd3 Bb6 26.Qf3 f5 27.Nxh6 Nxd3 28.cxd3 Qc2+ 29.Ka1 Bd4
30.Rb1 Qd2 31.Nxf5 Bxb2+ 32.Rxb2 Rc1+ 33.Rxc1 Qxc1+ 34.Rb1 Qc3+ 35.Rb2 Qc1+
36.Rb1 Qc3+ 37.Rb2  1/2-1/2

[Event "5th Kolkata Open"]
[Site "Kolkata IND"]
[Date "2012.12.04"]
[Round "2"]
[White "Aravindh,Chithambaram VR."]
[Black "Das,Arg"]
[Result "1-0"]
[WhiteElo "2338"]
[BlackElo "2476"]

1.e4 c5 2.Nf3 e6 3.d4 cxd4 4.Nxd4 Nc6 5.Nc3 Qc7 6.Nxc6 bxc6 7.Bd3 Nf6 8.O-O Be7
9.Qe2 d5 10.Kh1 O-O 11.f4 c5 12.b3 Bb7 13.Bb2 c4 14.bxc4 dxe4 15.Nxe4 Nxe4
16.Bxe4 Bxe4 17.Qxe4 Rfc8 18.f5 Qxc4 19.Qf3 exf5 20.Qxf5 f6 21.Rae1 Bf8 22.Re4 Qf7
23.Rg4 Rc5  1-0

[Event "5th Kolkata Open"]
[Site "Kolkata IND"]
[Date "2012.12.04"]
[Round "2"]
[White "Sharma,Di"]
[Black "Kunte,A"]
[Result "1/2-1/2"]
[WhiteElo "2387"]
[BlackElo "2511"]

1.e4 c5 2.Nf3 e6 3.d4 cxd4 4.Nxd4 Nc6 5.Nc3 Qc7 6.Be2 a6 7.O-O Nf6 8.Be3 Be7
9.f4 d6 10.a4 O-O 11.Kh1 Re8 12.Bd3 Bd7 13.Nxc6 Bxc6 14.a5 Rac8 15.Bb6 Qb8
16.Qf3 Nd7 17.Bd4 Bf6 18.Bxf6 Nxf6 19.Qg3 Qc7 20.Rf3 d5 21.e5 Ne4  1/2-1/2

[Event "5th Kolkata Open"]
[Site "Kolkata IND"]
[Date "2012.12.04"]
[Round "2"]
[White "Vaibhav,S"]
[Black "Sagar,S"]
[Result "1/2-1/2"]
[WhiteElo "2494"]
[BlackElo "2393"]

1.e4 c5 2.Nf3 e6 3.d4 cxd4 4.Nxd4 Nc6 5.Nc3 Qc7 6.Be2 a6 7.O-O Nf6 8.Be3 Bb4
9.Na4 Be7 10.Nxc6 bxc6 11.Nb6 Rb8 12.Nxc8 Qxc8 13.Bd4 c5 14.Be5 Rb6 15.Qd3 d6
16.Bc3 O-O 17.b3 d5 18.exd5 Nxd5 19.Be5 Bf6 20.Bxf6 Nxf6 21.Rfd1 Qc7 22.Bf3 Rc8
23.Rd2 a5 24.Rad1 h6 25.Qc4 e5 26.a3 Re6 27.Bd5 Re7 28.Be4 Nxe4 29.Qxe4 c4
30.b4 axb4 31.axb4 c3 32.Rd5 Ree8 33.b5 Qc4 34.Qxc4 Rxc4 35.Rb1 e4 36.Kf1 g6
37.Ke2 Re7 38.g4 Rb7 39.Ke3 Kg7 40.Rd6 Rc5 41.b6 Rc4 42.h4 Kf8 43.Rb3 Ke7
44.Rd4 Rc6 45.Rxe4+ Kd6 46.Reb4 g5 47.hxg5 hxg5 48.Kd3 Ke5 49.Rb5+ Kf4 50.R3b4+ Kf3
51.Rf5+ Kg2 52.Kd4 f6 53.Rc4 Rxc4+ 54.Kxc4 Rxb6 55.Kxc3 Rc6+ 56.Kd3 Rd6+
57.Ke4 Rc6 58.f3 Kg3 59.Kd5 Rxc2 60.Rxf6 Ra2 61.Ke6 Ra3 62.Rf5 Ra6+ 63.Ke5 Kh4
64.Rf6 Ra5+ 65.Ke6 Ra7 66.Kf5 Ra5+ 67.Kg6 Ra4 68.Kh6 Rb4 69.Rg6 Rb5 70.Kg7 Rb7+
71.Kh6 Rb5 72.Rf6 Rb4 73.Kg6 Ra4 74.Rd6 Ra5 75.Kf6 Kg3 76.Rd3 Kf4 77.Kg6 Rb5
78.Kh5 Ra5 79.Rb3 Rc5 80.Rb8 Kxf3 81.Rf8+ Ke4 82.Kg6 Ra5 83.Rf1 Rb5 84.Rf5 Rxf5
85.gxf5 g4 86.f6 g3 87.f7 g2 88.f8=Q g1=Q+  1/2-1/2

[Event "4th London Classic Open"]
[Site "London ENG"]
[Date "2012.12.04"]
[Round "4"]
[White "Hortillosa,A"]
[Black "Zymberi,As"]
[Result "0-1"]
[WhiteElo "1963"]
[BlackElo "2154"]

1.e4 c5 2.Nc3 e6 3.Nf3 Nc6 4.d4 cxd4 5.Nxd4 Qc7 6.Be3 a6 7.a3 Nf6 8.Be2 b5
9.O-O Bb7 10.f4 Nxd4 11.Qxd4 Rc8 12.Bf3 Bc5 13.Qxc5 Qxc5 14.Bxc5 Rxc5 15.e5 Bxf3
16.Rxf3 Nd5 17.Ne4 Rxc2 18.Nd6+ Ke7 19.f5 f6 20.fxe6 dxe6 21.Raf1 Re2 22.Rc1 Rxe5
23.Nc8+ Kd7 24.Na7 Re2 25.Rg3 g5 26.b3 Ra8 27.Rh3 Rxa7 28.Rxh7+ Ne7 29.Kf1 Re5
30.Rf7 f5 31.Rg7 g4 32.h4 gxh3 33.gxh3 Ra8 34.Rc3 Kd6 35.h4 Rh8 36.Rh3 Rh5
37.Rg5 f4 38.Rd3+ Nd5 39.Rg4 Kc6 40.Kf2 Rh7 41.Rh3 Reh5 42.Kf3 R7h6 43.Rh1 Re5
44.Rc1+ Kd6 45.b4 Re3+ 46.Kf2 Rxa3 47.Rd1 Rh3 48.Rxf4 R3xh4 49.Rf8 Rxb4  0-1

[Event "4th London Classic Open"]
[Site "London ENG"]
[Date "2012.12.04"]
[Round "4.10"]
[White "Schneider,Dm"]
[Black "Radovanovic,J"]
[Result "1-0"]
[WhiteElo "2477"]
[BlackElo "2361"]

1.e4 c5 2.Nf3 e6 3.Nc3 Nc6 4.d4 cxd4 5.Nxd4 Qc7 6.Be2 a6 7.O-O Nf6 8.Kh1 Be7
9.f4 O-O 10.e5 Ne8 11.Nxc6 bxc6 12.Bd3 f5 13.Qe2 Bb7 14.Na4 c5 15.b3 Kh8
16.Qf2 Rc8 17.Bb2 d5 18.exd6 Bxd6 19.Rae1 Nf6 20.Rxe6 Ne4 21.Qh4 Bd5 22.Rg6 Rg8
23.Bxe4 Bxe4 24.Rh6 Rge8 25.Rxh7+ Kg8 26.Qh5  1-0

[Event "33rd Crespi Memorial"]
[Site "Milan ITA"]
[Date "2012.12.04"]
[Round "4.9"]
[White "Stromboli,C"]
[Black "Manfredi,V"]
[Result "1-0"]
[WhiteElo "2326"]
[BlackElo "2230"]

1.e4 c5 2.Nf3 Nc6 3.d4 cxd4 4.Nxd4 e6 5.Nc3 Qc7 6.Be2 a6 7.Be3 Nf6 8.O-O Bb4
9.Na4 Be7 10.c4 d6 11.Nc3 O-O 12.Rc1 Ne5 13.f4 Nxc4 14.Bf2 Bd7 15.b3 Na5
16.Nd5 Nxd5 17.exd5 Nc6 18.dxc6 bxc6 19.Bd3 f5 20.Re1 e5 21.Nxc6  1-0

[Event "Russia Cup Final 2012"]
[Site "Khanty-Mansiisk RUS"]
[Date "2012.12.05"]
[Round "1.3"]
[White "Inarkiev,E"]
[Black "Maletin,P"]
[Result "1/2-1/2"]
[WhiteElo "2693"]
[BlackElo "2567"]

1.e4 c5 2.Nf3 e6 3.Nc3 Nc6 4.d4 cxd4 5.Nxd4 Qc7 6.Be3 a6 7.Qd2 Nf6 8.O-O-O Bb4
9.f3 Ne7 10.Nde2 b5 11.Kb1 Ba5 12.Bf4 e5 13.Bg5 h5 14.Qd3 b4 15.Bxf6 bxc3
16.Bxg7 Rh7 17.Bf6 Qb6 18.Nxc3 Bxc3 19.Qxc3 Qxf6 20.Qc7 Nc6 21.Bc4 Rh6 22.Bd5 Qd8
23.Qxd8+ Kxd8 24.Bxf7 h4 25.g3 Rf6 26.Bd5 Kc7 27.Rhf1 hxg3 28.hxg3 Rg6 29.Rg1 Bb7
30.f4 exf4 31.gxf4 Rxg1 32.Rxg1 Rf8 33.Rf1 Nd8 34.c4 Ne6 35.f5 Nc5 36.e5 Nd3
37.e6 dxe6 38.Bxb7 Kxb7 39.Rd1 Nf4 40.fxe6 Nxe6 41.Rd6 Nc5 42.b4 Rf1+ 43.Kc2 Rf2+
44.Rd2 Rf4 45.bxc5 Rxc4+ 46.Kb3 Rxc5  1/2-1/2

[Event "4th London Classic Open"]
[Site "London ENG"]
[Date "2012.12.06"]
[Round "6"]
[White "McKenna,Jas"]
[Black "Zhou,Y"]
[Result "0-1"]
[WhiteElo "2102"]
[BlackElo "2419"]

1.e4 c5 2.Nf3 Nc6 3.d4 cxd4 4.Nxd4 e6 5.Nc3 Qc7 6.g3 a6 7.Bg2 h5 8.Nxc6 dxc6
9.h4 Nf6 10.Bg5 Be7 11.Qe2 e5 12.O-O Be6 13.a4 a5 14.Nd1 g6 15.Ne3 O-O 16.Rad1 Rfd8
17.b3 Kg7 18.Rxd8 Rxd8 19.Rd1 Rxd1+ 20.Qxd1 Bc5 21.Qd3 Nd7 22.Nd1 Bd4 23.Be3 c5
24.Qd2 Bxe3 25.Nxe3 c4 26.Nd5 Qc5 27.Bf1 Bxd5 28.exd5 c3 29.Qd3 Qd4 30.Qxd4 exd4
31.f4 Nc5 32.d6 Kf6  0-1

[Event "4th London Classic Open"]
[Site "London ENG"]
[Date "2012.12.06"]
[Round "6"]
[White "Shierlaw,Hamish"]
[Black "Tortolero,Cesar"]
[Result "1/2-1/2"]
[WhiteElo "1582"]
[BlackElo "1926"]

1.e4 c5 2.Nf3 e6 3.d4 cxd4 4.Nxd4 Nc6 5.Nc3 a6 6.Nxc6 bxc6 7.Bd3 d5 8.O-O Nf6
9.Bd2 Be7 10.Re1 Rb8 11.b3 d4 12.Ne2 e5 13.h3 h6 14.Ng3 g6 15.Qe2 Qc7 16.Bxa6 Bd7
17.Bc4 Ba3 18.Qf3 Qd6 19.Rad1 Kf8 20.Bc1 Bb4 21.Bd2 Ba3 22.Bc1 Ra8 23.Bxa3 Rxa3
24.Ra1 Kg7 25.Reb1 Rha8 26.Rb2 c5 27.Qe2 Bc6 28.Bb5 Bb7 29.Bc4 Qc6 30.Bd3 Qb6
31.Qe1 Qc7 32.Qe2 h5 33.f3 Qa5 34.Qd1 h4 35.Nf1 Qc3 36.Qc1 Nh5 37.Kh2 Nf4
38.Bc4 Bc8 39.Nd2 Qe3 40.Qe1 Qxe1 41.Rxe1 Rxa2 42.Reb1 Rxb2 43.Rxb2 Bd7 44.Kg1 Ra1+
45.Kf2 Rd1 46.Nf1 Be6 47.Be2 Ra1 48.Nd2 Bxh3 49.gxh3 Nxh3+ 50.Kg2 Nf4+ 51.Kf2 Nh3+
52.Kg2 Nf4+ 53.Kf2  1/2-1/2

[Event "33rd Crespi Memorial"]
[Site "Milan ITA"]
[Date "2012.12.06"]
[Round "6.1"]
[White "Sanchez,Joseph"]
[Black "Solodovnichenko,Y"]
[Result "0-1"]
[WhiteElo "2533"]
[BlackElo "2557"]

1.e4 c5 2.Nf3 e6 3.d4 cxd4 4.Nxd4 Nc6 5.Nc3 d6 6.Be3 Nf6 7.f4 Be7 8.Qe2 Nxd4
9.Bxd4 O-O 10.O-O-O Qa5 11.Qb5 Qxb5 12.Nxb5 e5 13.fxe5 dxe5 14.Bxe5 Nxe4
15.Re1 Bg5+ 16.Kb1 Nd2+ 17.Ka1 Nxf1 18.Rhxf1 Bd7 19.Nd4 Rfe8 20.c3 Be7 21.Kb1 f6
22.Bg3 Bc5 23.Kc2 Kf7 24.Rxe8 Rxe8 25.Re1 Rd8 26.Re2 g5 27.Rd2 Be7 28.b4 Ba4+
29.Kb2 f5 30.Bc7 Rd5 31.Ka3 Bc6 32.Kb3 Rd7 33.Bb8 a5 34.bxa5 Kg6 35.g3 Bd5+
36.Ka4 Rd8 37.Re2 Bc5 38.Bc7 Rd7 39.Bb8 Be4 40.Rd2 Kh5 41.h3 Bc6+ 42.Kb3 Bd5+
43.Ka4 Bc6+ 44.Kb3 Bd5+ 45.Ka4 Bc4 46.Rb2 Kg6 47.h4 Bxd4 48.Rd2 f4 49.gxf4 gxh4
50.Rg2+ Kf5 51.Rg5+ Ke4 52.cxd4 Rxd4 53.Be5 Rd3 54.Rh5 h3 55.Bb8 Bf7 56.Rxh7 Bg6
57.Re7+ Kf5 58.Re5+ Kf6 59.f5 Bxf5 60.Re1 Rd2 61.Kb4 Rxa2 62.Re8 Bd7 63.Rd8 Bc6
64.a6 Rxa6 65.Rh8  0-1

[Event "FSGM December 2012"]
[Site "Budapest HUN"]
[Date "2012.12.07"]
[Round "6.1"]
[White "Dastan,B"]
[Black "Bagi,M"]
[Result "1-0"]
[WhiteElo "2370"]
[BlackElo "2364"]

1.e4 c5 2.Nf3 e6 3.d4 cxd4 4.Nxd4 Nc6 5.Nc3 Qc7 6.Be3 a6 7.Bd3 b5 8.O-O Bb7
9.Qe2 Nf6 10.f4 Nxd4 11.Bxd4 Bc5 12.Bxc5 Qxc5+ 13.Kh1 b4 14.Nd1 O-O 15.c4 d6
16.Nf2 e5 17.f5 Nd7 18.Rad1 a5 19.Qd2 f6 20.Bc2 Ra6 21.Ba4 Rd8 22.Bb5 Rb6
23.b3 Qc7 24.Bxd7 Rxd7 25.g4 Qd8 26.h4 Bc6 27.Qe3 Rbb7 28.g5 Kh8 29.Rg1 Qf8
30.Kh2 a4 31.Ng4 axb3 32.axb3 Ra7 33.Rg2 Ra3 34.gxf6 gxf6 35.Nh6 Rxb3 36.Rdg1 Rd8
37.Rg8+ Qxg8 38.Rxg8+ Rxg8 39.Nf7+ Kg7 40.Qxb3 Kxf7 41.c5+ Kg7 42.cxd6 Rd8
43.Qxb4 Rd7 44.Kg3 Kf7 45.Qc4+  1-0

[Event "Bundesliga 2012-13"]
[Site "Griesheim GER"]
[Date "2012.12.08"]
[Round "5"]
[White "Kurnosov,I"]
[Black "Jansa,Vl"]
[Result "1-0"]
[WhiteElo "2660"]
[BlackElo "2451"]

1.e4 c5 2.Nf3 e6 3.d4 cxd4 4.Nxd4 Nc6 5.Nc3 a6 6.Nxc6 bxc6 7.Bd3 d5 8.O-O Nf6
9.Qf3 Be7 10.e5 Nd7 11.Qg3 Kf8 12.Re1 c5 13.b3 Bb7 14.Bd2 h5 15.h3 g6 16.Na4 Kg7
17.c4 d4 18.Be4 h4 19.Qf3 Nxe5 20.Qf4 Nc6 21.Nxc5 Bxc5 22.Bxc6 Bxc6 23.Qe5+ f6
24.Qxc5 Qd7 25.Rad1 Rh5 26.Qa3 e5 27.f4 Re8 28.Qxa6 e4 29.Qb6 d3 30.Qf2 Qb7
31.Be3 Ra8 32.Rb1 Qb4 33.Bd2 Qd6 34.a4 Rf5 35.Qxh4 Rh8 36.Qg3 g5 37.Rf1 Rh4
38.c5 Qxc5+ 39.Kh2 e3 40.Bxe3 Qd5 41.fxg5 fxg5 42.Rxf5 Qxf5 43.Rc1 Bd5 44.Rc7+ Kg6
45.Bxg5  1-0

[Event "Bundesliga 2012-13"]
[Site "Wattenscheid GER"]
[Date "2012.12.08"]
[Round "5"]
[White "Harikrishna,P"]
[Black "Najer,E"]
[Result "1/2-1/2"]
[WhiteElo "2688"]
[BlackElo "2664"]

1.e4 c5 2.Nf3 e6 3.d4 cxd4 4.Nxd4 Nc6 5.Nc3 Qc7 6.Be2 a6 7.O-O Nf6 8.Be3 Bb4
9.Na4 Be7 10.Nxc6 bxc6 11.Nb6 Rb8 12.Nxc8 Qxc8 13.Bd4 c5 14.Be5 Rb6 15.Qd3 d6
16.Bc3 O-O 17.b3 Qc6 18.e5 Nd5 19.Bf3 Qb5 20.Qxb5 axb5 21.exd6 Bxd6 22.Bb2 Nb4
23.Bd1 Rd8 24.a3 Nc6 25.Be2 Nd4 26.Bxd4 cxd4 27.a4 bxa4 28.bxa4 Rb2 29.Bd3 Bc5
30.a5 Ba7 31.Rfb1 Rxb1+ 32.Rxb1 Rb8 33.Re1 g6 34.g4 Kg7 35.f4 Kf6 36.Kg2 Rh8
37.h4 h5 38.g5+ Kg7 39.Ra1 Rc8 40.Kf3 Kf8 41.Ke4 Rb8 42.Ra4 Ke7 43.Rc4 Kd6
44.a6 Bc5 45.Kf3 Rb2 46.Ra4 Ba7 47.Ra1 Rb4 48.Be4 Kc5 49.Ke2 Kb6 50.Bd3 Kc6
51.Kd2 Kb6 52.f5 gxf5 53.g6 fxg6 54.Re1 Kc5 55.Rxe6 Rb1 56.Rxg6 Rh1 57.Rg7 Bb6
58.Bxf5 d3 59.cxd3 Kb5 60.a7 Ra1 61.Rg5 Kb4 62.Be6 Bxa7 63.Rxh5 Rh1 64.Ke2 Rh2+
65.Kf3 Bf2 66.Kg4 Rg2+ 67.Kf4 Rh2 68.Kg5 Rg2+ 69.Bg4 Kc3 70.Kf4 Rh2 71.Ke4 Rxh4
72.Rg5 Rh1 73.Bf5 Re1+ 74.Kf3 Bd4 75.Be4  1/2-1/2

[Event "ch-IRI 2012"]
[Site "Zahedan IRI"]
[Date "2012.12.08"]
[Round "2.13"]
[White "Shah Moradi,Mohammad"]
[Black "Hosseinzadeh,N"]
[Result "0-1"]
[WhiteElo "2120"]
[BlackElo "2250"]

1.e4 c5 2.Nf3 e6 3.d4 cxd4 4.Nxd4 Nc6 5.Nc3 a6 6.Nxc6 bxc6 7.Bd3 d5 8.O-O Nf6
9.Qf3 Be7 10.Re1 O-O 11.b3 Bb4 12.Bd2 d4 13.Nb1 Bxd2 14.Nxd2 e5 15.Bc4 Qe7
16.Qe2 Ne8 17.a4 a5 18.Rf1 Nd6 19.Bd3 Be6 20.f4 f6 21.fxe5 fxe5 22.Rxf8+ Rxf8
23.Rf1 Rxf1+ 24.Qxf1 Qf6 25.Qe2 Qf4 26.g3 Qg5 27.Bc4 Nxc4 28.Nxc4 Bh3 29.Qe1 Qf6
30.Qf2 Qg5 31.Qe1 Qh5 32.Kf2 Qf7+ 33.Ke2 Qh5+ 34.Kf2 Qf7+ 35.Ke2 Qh5+ 36.Kd2 Qg5+
37.Kd3 h5 38.Nxa5 Bf1+  0-1

[Event "TCh-CZE Div1 Zapad 2012-13"]
[Site "Czech Republic CZE"]
[Date "2012.12.09"]
[Round "4.2"]
[White "Svoboda,S"]
[Black "Chloupek,S"]
[Result "1-0"]
[WhiteElo "2334"]
[BlackElo "2325"]

1.e4 c5 2.Nf3 e6 3.d4 cxd4 4.Nxd4 Nc6 5.Nc3 Qc7 6.Be3 a6 7.Qd2 Nf6 8.f3 Bb4
9.O-O-O Ne7 10.Kb1 Bxc3 11.bxc3 b5 12.Nb3 Bb7 13.Bc5 Rc8 14.Qd6 Qxd6 15.Bxd6 Bc6
16.Na5 h5 17.Kb2 h4 18.c4 bxc4 19.Bxc4 Bb5 20.Bxb5 axb5 21.Rd3 Ra8 22.Nb7 Nc8
23.Bb4 Rb8 24.Rc3 Nb6 25.Rc7 Nc4+ 26.Kb3 h3 27.g4 Ne5 28.g5 Nh5 29.Rd1 f6
30.gxf6 gxf6 31.Nc5 Rh7 32.Nxe6 Nxf3 33.Nf8 Rf7 34.Nxd7 Ra8 35.Rd5 f5 36.exf5 Kd8
37.Rc3 Nf4 38.Rd1 Rxd7 39.Rxd7+ Kxd7 40.Rxf3 Nd5 41.Rxh3 Nxb4 42.Kxb4 Rxa2
43.Rd3+ Kc6 44.Rf3 Ra4+ 45.Kb3 Kd7 46.f6 Ke8 47.Rf5 Rh4 48.Rxb5 Rxh2 49.Rb7 Rh1
50.Kc4 Rh3 51.Kd5 Rh2 52.c4 Rd2+ 53.Kc6 Rf2 54.f7+ Kf8 55.c5 Rf5 56.Kb6 Rf6+
57.c6 Re6 58.Rd7  1-0

[Event "TCh-CZE Div1 Vychod 2012-13"]
[Site "Czech Republic CZE"]
[Date "2012.12.09"]
[Round "4.2"]
[White "Seidl,S"]
[Black "Bures,J"]
[Result "0-1"]
[WhiteElo "2185"]
[BlackElo "2381"]

1.e4 c5 2.Nf3 e6 3.d4 cxd4 4.Nxd4 Nc6 5.Nc3 Qc7 6.Be2 Nf6 7.O-O Be7 8.Be3 O-O
9.f4 d6 10.Qe1 Nxd4 11.Bxd4 e5 12.Be3 exf4 13.Rxf4 Be6 14.Rd1 a6 15.Rd2 Nd7
16.Qg3 Bf6 17.Rxf6 Nxf6 18.Bd4 Ne8 19.Bd3 Qa5 20.Qh4 h6 21.Re2 Qg5 22.Qxg5 hxg5
23.e5 Rd8 24.Ne4 dxe5 25.Bb6 Rxd3 26.cxd3 f6 27.d4 exd4 28.Bxd4 Kf7 29.Bc5 Rh8
30.a3 g4 31.Nd6+ Nxd6 32.Bxd6 Rc8 33.Bb4 Rc1+ 34.Kf2 Bd5 35.Rd2 Bc6 36.Bd6 g5
37.Ke3 Rf1 38.Rf2 Rd1 39.Bb4 Ke6 40.g3 Bb5 41.Rd2 Re1+ 42.Kf2 Rf1+ 43.Kg2 Rc1
44.Ba5 f5 45.Bd8 f4 46.Bxg5 f3+ 47.Kf2 Rh1 48.Ke3 Be2 49.Rd4 Rxh2 50.Rxg4 Bb5
51.Rf4 Bc6 52.Bf6 Re2+ 53.Kd3 Rg2 54.Bd4 Rxg3 55.Rf6+ Ke7 56.Rf4 Rg2 57.Ke3 Re2+
58.Kd3 Bd5 59.Kc3 Be4 60.Kb3 Ke6 61.Rf8 Rd2 62.Bb6 Bf5 63.Re8+ Kf6 64.Rf8+ Kg6
65.Rg8+ Kh5 66.Rf8 Kg4 67.Rg8+ Kf4 68.Bc7+ Ke3 69.Bb6+ Ke2 70.Re8+ Kf1 71.Re7 Rd7
72.Re5 Rf7 73.Ka4 f2 74.b4 Bd7+ 75.Ka5 Rf5 76.Rxf5 Bxf5 77.b5 axb5 78.Kxb5 Bd3+  0-1

[Event "4th London Classic Open"]
[Site "London ENG"]
[Date "2012.12.09"]
[Round "9"]
[White "Williamson,R"]
[Black "Yurenok,M"]
[Result "1/2-1/2"]
[WhiteElo "2177"]
[BlackElo "2041"]

1.e4 c5 2.Nf3 e6 3.Nc3 Nc6 4.d4 cxd4 5.Nxd4 Qc7 6.Nb3 a6 7.Bd3 b5 8.Qe2 Bb4
9.O-O Nge7 10.f4 O-O 11.a3 Bxc3 12.bxc3 f5 13.Be3 d6 14.a4 b4 15.a5 bxc3
16.Bb6 Qd7 17.exf5 Nd5 18.Qe4 Rxf5 19.g4 Nf6 20.Qe2 Rd5 21.Bc4 Rb5 22.f5 Nd5
23.Bxb5 axb5 24.fxe6 Qxe6 25.Qxe6+ Bxe6 26.Bf2 Bxg4 27.Nd4 Nxd4 28.Bxd4 h6
29.a6 Nb4 30.Bxc3 Nxa6 31.Bd4 Nc7 32.Rxa8+ Nxa8 33.Rb1 Nc7 34.Bb6 Nd5 35.Rxb5 Nxb6
36.Rxb6 d5 37.Kf2 Kf7 38.Ke3 Bf5 39.c3 Be6 40.Kd4 Kf6 41.Rd6 g5 42.Rxd5 Bxd5
43.Kxd5 h5 44.Ke4 Ke6 45.c4 Kf6 46.c5 Ke6 47.c6 h4 48.Kf3 Kd6 49.Kg4 Kxc6
50.Kxg5 h3  1/2-1/2

[Event "5th Kolkata Open"]
[Site "Kolkata IND"]
[Date "2012.12.10"]
[Round "8"]
[White "Ikeda,J"]
[Black "Sagar,S"]
[Result "1-0"]
[WhiteElo "2304"]
[BlackElo "2393"]

1.e4 c5 2.Nf3 e6 3.d4 cxd4 4.Nxd4 Nc6 5.Nc3 Qc7 6.Be3 a6 7.Qd2 Nf6 8.O-O-O Be7
9.f4 b5 10.Bd3 Nxd4 11.Bxd4 Bb7 12.Rhe1 b4 13.Na4 Bc6 14.Nb6 Rb8 15.Nc4 Rb7
16.e5 Nd5 17.Nd6+ Bxd6 18.exd6 Qa5 19.f5 f6 20.fxe6 dxe6 21.Rxe6+ Kf7 22.Rde1 Qxa2
23.Qe2 g6 24.Bc4 Qa1+ 25.Kd2 Qa5 26.Rxf6+  1-0

[Event "5th Kolkata Open"]
[Site "Kolkata IND"]
[Date "2012.12.10"]
[Round "8"]
[White "Oleksienko,M"]
[Black "Vaibhav,S"]
[Result "1/2-1/2"]
[WhiteElo "2573"]
[BlackElo "2494"]

1.e4 c5 2.Nf3 e6 3.d4 cxd4 4.Nxd4 Nc6 5.Nc3 Qc7 6.Be2 a6 7.O-O Nf6 8.Be3 Be7
9.f4 d6 10.Kh1 O-O 11.Qe1 Nxd4 12.Bxd4 b5 13.Qg3 Bb7 14.a3 Rad8 15.Rae1 Rd7
16.Bd3 Re8 17.Nd1 h6 18.Ne3 Nh5 19.Qh3 Nf6 20.Ng4 Nxg4 21.Qxg4 Bf8 22.f5 Qd8
23.f6 e5 24.Be3 g6 25.Rf3 Re6 26.Ref1 d5 27.exd5 Bxd5 28.Bxg6 fxg6 29.Qxg6+ Kh8
30.Rg3 Red6 31.Bxh6 Bxh6 32.Rh3 Bg8 33.Rxh6+ Bh7 34.Qh5 Qf8 35.Qxe5 Rd5 36.Qc3 Qf7
37.Qf3 Rg5 38.h3 Rd8 39.Rh4 Rf8 40.c3 Qe6 41.Rf4 Rf7 42.Rd1 Rg8 43.Kh2 Rgf8
44.Rf1 Rd8 45.Rf2 Qe5 46.Qe2 Qd6 47.g3 Rg8 48.Qe3 Qd5 49.Qd4 Qe6 50.R4f3 Re8
51.Qf4 Bg6 52.g4 Rh7 53.Qd4 Bf7 54.Rd2 Rg8 55.Rg3 Rg6 56.Rf2 Rhh6 57.Qe3 Rxf6
58.Rxf6 Rxf6 59.Qxe6 Bxe6 60.Re3 Bc4 61.Kg3 Kg7 62.b4 a5 63.bxa5 Ra6 64.h4 Rxa5
65.h5 Rxa3 66.Kf4 Ra7 67.Re5 Rf7+ 68.Kg3 Rf1 69.Rc5 Rc1 70.Rc7+ Kg8 71.g5 Rxc3+
72.Kh4 b4 73.g6 Bd3 74.Rb7 b3 75.Rb8+ Kg7 76.Rb7+ Kf6 77.Rf7+ Ke5 78.Rb7 Be4
79.Rb4 Bd3 80.Kg5 Bc4 81.g7 Bg8 82.Rb5+ Kd4 83.Rb8 Rg3+ 84.Kh6 Bf7 85.Kh7 Rg5
86.h6 Kc3 87.Kh8 b2 88.h7 Kc2 89.g8=Q Bxg8 90.hxg8=Q Rxg8+ 91.Kxg8 b1=Q 92.Rxb1 Kxb1  1/2-1/2